000 00227nam a2200097Ia 4500
008 220216s9999 xx 000 0 und d
245 0 _aJalabhayam maariya rubber
260 _bKarshakasree
_c2010
300 _a13-Dec
942 _cJS
999 _c61776
_d61776